000 00319nam a22001337a 4500
008 170731b xxu||||| |||| 00| 0 eng d
020 _a0139370463
041 _aeng
080 _a004
100 _a32
101 _aSHK
245 _aUNDERSTANDING AND SELECTING SMALL BUSINESS COMPUTERS
_cGIBSON,G.A
942 _2udc
_cBK
999 _c22277
_d22277